000 01657nam a2200241Ia 4500
008 260220t1963||||xx |||||||||||||| ||spa||
040 _aPY-SlUNAC
_bspa
_erda
041 _aspa
082 _a364.106 6
_bH496h
100 _aHanderson, Brian
_eAutor
245 0 _aHistoria de la piratería /
_cpor Brian Handerson [Autor]
264 _aBarcelona :
_bFerma,
_c℗1963.
300 _a186 páginas
520 _aEl libro "Historia de la piratería" de Brian Handerson ofrece un análisis exhaustivo del fenómeno de la piratería a lo largo de los siglos, explorando sus orígenes, desarrollo y las diversas motivaciones que llevaron a individuos y grupos a convertirse en piratas. Handerson examina no solo las actividades de los piratas en los mares, sino también su impacto en el comercio, la política y la cultura de las naciones implicadas. A través de un enfoque multidisciplinario, el autor presenta relatos de figuras icónicas de la piratería, como Barbanegra y Drake, al tiempo que discute las respuestas de los gobiernos y las fuerzas navales ante esta amenaza. El libro también aborda la representación de la piratería en la literatura y el cine, analizando cómo estas narrativas han influido en la percepción pública del fenómeno. A lo largo de su narrativa, Handerson invita a los lectores a reflexionar sobre la complejidad moral de la piratería y su legado en la historia global.
653 _aHistoria
653 _aNavegación
653 _aPiratería
942 _b2026/02/17
_cBK
999 _c7179
_d7179